| 000 | 00992nam a2200301Ia 4500 | ||
|---|---|---|---|
| 001 | Z_4116 | ||
| 003 | CHAP | ||
| 008 | 220113s2001 xx 000 0 und d | ||
| 010 | _a167179 | ||
| 040 | _cCHAP | ||
| 090 | _aTesis M 1601 | ||
| 100 |
_aMeráz Alvarado, Ma. del Refugio _974868 |
||
| 245 |
_aComparación de ecuaciones para estimar curvas de lactancia con diferente frecuencia de medición en bovinos angus, suizo y sus cruzas / _cpor Ma. del Refugio Meráz Alvarado |
||
| 260 |
_aChapingo, Méx. : _bEl autor, _c2001 |
||
| 300 | _a60 h. ; gráfs. | ||
| 502 | _aTesis (Maestro en Ciencias Especialista en Producción Animal) -- UACH. Departamento de Zootecnia | ||
| 650 |
_aEcuaciones _935304 |
||
| 650 |
_aGanado Angus _944962 |
||
| 650 |
_aGanado vacuno _945425 |
||
| 650 |
_aGanado vacuno _xCría de _945451 |
||
| 650 |
_aGanado vacuno _xCruzas _945452 |
||
| 901 | _aTESIS M 1601 | ||
| 902 | _aM | ||
| 910 | _a2001 | ||
| 942 | _c2 | ||
| 942 | _c2 | ||
| 999 |
_c167179 _d167179 |
||